Country Logic Puzzle by Scambigol #2 - Statistics

General Stats
  • This quiz has been taken 2,885 times
    2,425 since last reset
  • The average score is 13 of 30
Answer Stats
Country % Correct
★AFGHANISTAN★ no country in the world has the same first 3 letters as the one in bi
96%
★HAITI★ countries in column f are either island nations or landlocked
64%
★KAZAKHSTAN★ column f has one 1-word country, two 2-word countries
64%
★DJIBOUTI★ 3 columns contain at least 1 landlocked country, 3 don't
63%
★CHINA★ countries in column g are 5 letters long
62%
★JAPAN★
62%
★EGYPT★ no country appears more than once
61%
★GABON★
60%
★ICELAND★ countries in this row are in alphabetical order
56%
★KENYA★ in one column all countries are borderless except one which borders 1 country only
52%
★BHUTAN★ row c has a country from each continent
47%
★CHILE★
45%
★CENTRAL AFRICAN REPUBLIC★
41%
★JAMAICA★
41%
★BURKINA FASO★
39%
★DOMINICAN REPUBLIC★ countries in this row are entirely between the tropics
39%
★GHANA★ every row has at least one multi-word country
39%
★KIRIBATI★
35%
★BENIN★
33%
★ANTIGUA AND BARBUDA★ ireland isn't in this quiz
28%
★DOMINICA★
28%
★JORDAN★
28%
★FEDERATED STATES OF MICRONESIA★ in this row no adjacent countries start with the same letter
27%
★HONDURAS★
27%
★BARBADOS★
26%
★HUNGARY★ countries in bj and bk border each other
24%
★DEMOCRATIC REPUBLIC OF THE CONGO★
19%
★BOLIVIA★
18%
★BRAZIL★
18%
★EAST TIMOR★
17%
No matching quizzes found
Score Distribution
Percent of People with Each Score
Percentile by Number Answered
Your Score History
You have not taken this quiz since the last reset